El nuevo derecho agrario mexicano (Registro nro. 13700)

Detalles MARC
000 -LÍDER
fixed length control field 00541nam a2200169 4500
008 - ELEMENTOS DE LONGITUD FIJA -- INFORMACIÓN GENERAL
fixed length control field 01994 1994 0x 000 0MEX
020 ## - NÚMERO INTERNACIONAL NORMALIZADO PARA LIBROS
ISBN 970-10-0624-0
050 ## - SIGNATURA TOPOGRAFICA DE LA BIBLIOTECA DEL CONGRESO (LC)
Número de Clasificación KGF3789 R58
082 ## - NUMERO DE CLASIFICACION DECIMAL DEWEY
Número de Clasificación 343.076 R625n
100 ## - ASIENTO PRINCIPAL--NOMBRE PERSONAL
Nombre personal Rivera Rodríguez, Isaías
245 ## - TÍTULO
Título El nuevo derecho agrario mexicano
260 ## - PUBLICACIÓN, DISTRIBUCIÓN, ETC. (PIE DE IMPRENTA)
Lugar de publicación, distribución, etc. México : McGraw-Hill
300 ## - DESCRIPCIÓN FÍSICA
Extensión XXV, 248 p. / 24cm
440 ## -
-- serie Jurídica
500 ## - NOTA GENERAL
Nota general Incluye Bibliografia
650 ## - ASIENTO SECUNDARIO DE MATERIA - TERMINO TEMÁTICO
Término temático o nombre geográfico como elemento de entrada 1. DERECHO AGRARIO - MÉXICO \ 2. TENENCIA DE LA TIERRA- LEYES Y LEGISLACIÓN - MÉXICO
Existencias
No. biblioteca No. biblioteca Número de clasificación Código de barras/Número de adquisición Número de copia Tipo de material
LUIS G. INCLAN LUIS G. INCLAN 343.076 R625n 26939 1 Libros
Calzada Tecnológico # 27, Zacatepec, Morelos.
01(734) 343-07-23 / 343-21-10 / 343-21-11
Apdo. Postal 45 C.P 62780